000
00318nam a2200133Ia 4500
008
150301s2015 xx 000 0 und d
082
_a
615.321
_b
P15W
100
_a
WADEKAR, R.R
245
_a
PHARMACOGNOSY AND PHYTOCHEMISTRY -|
260
_b
ABC - DELHI
300
_a
64
650
_a
PHARMACEUTICS
942
_2
ddc
_c
BK
999
_c
7301
_d
7301